[Event "III Open A"]
[Site "Gioiosa Marea ITA"]
[Date "1997.08.08"]
[Round "8"]
[White "Alaimo, Riccardo"]
[Black "Gueci, Riccardo"]
[Result "1-0"]
[WhiteElo "2068"]
[BlackElo "2150"]
[PlyCount "75"]
[EventDate "1997.08.02"]

1. e4 d6 2. d4 Nf6 3. Nc3 Nbd7 4. Nf3 e5 5. Bc4 Be7 6. O-O O-O 7. h3 c6 8. a4
a5 9. Bb3 h6 10. Be3 Re8 11. Nd2 exd4 12. Bxd4 Nf8 13. f4 Be6 14. Qf3 Bxb3 15.
Nxb3 Ne6 16. Be3 Nd7 17. Rad1 Qc7 18. Qg3 Bf6 19. Rd3 Kh7 20. Rfd1 Be7 21. Nd4
Ndc5 22. Nxe6 Nxe6 23. f5 Nf8 24. Bd4 g6 25. Rf1 g5 26. f6 Bd8 27. Be3 d5 28.
Qg4 Re5 29. h4 Ne6 30. hxg5 Nxg5 31. Rf5 Rxf5 32. Qxf5+ Kg8 33. Bxg5 hxg5 34.
Qxg5+ Kf8 35. exd5 cxd5 36. Re3 Bxf6 37. Qxf6 Qc5 38. Qh8# 1-0

[Event "VI Festival A"]
[Site "Montecatini Terme ITA"]
[Date "1997.08.??"]
[Round "?"]
[White "Bellia, Fabrizio"]
[Black "Rotstein, Arkadij"]
[Result "0-1"]
[WhiteElo "2340"]
[BlackElo "2455"]
[PlyCount "120"]
[EventDate "1997.08.01"]

1.e4 c5 2.Nf3 d6 3.d4 cxd4 4.Nxd4 Nf6 5.Nc3 a6 6.Be2 e6 7.O-O Nbd7 8.f4 b5
9.Bf3 Bb7 10.a3 Rc8 11.Qe2 Qc7 12.g4 Qc4 13.Qd3 h6 14.Nb3 Qc7 15.Qe2 Be7 
16.Bd2 g5 17.h3 gxf4 18.Bxf4 Ne5 19.Bg2 Nfd7 20.Nc1 Bg5 21.Bg3 h5 22.gxh5 
Ke7 23.Nd3 Rcg8 24.Kh2 Rg7 25.Rf2 Bf6 26.Rxf6 Nxf6 27.Nxe5 Rxg3 28.Kxg3 
Nxh5+ 29.Kh2 dxe5 30.Rd1 Nf4 31.Qf2 f5 32.Re1 Kf6 33.Bf1 Qh7 34.Re3 Rd8 
35.exf5 exf5 36.Rg3 Rd6 37.Kg1 Qh4 38.Ne2 Nxe2+ 39.Bxe2 Qe4 40.Bf3 Qf4 41.
Bh5 Qc1+ 42.Qf1 Qxf1+ 43.Kxf1 e4 44.Rg6+ Ke5 45.Rxd6 Kxd6 46.Bg6 Ke5 47.h4
Kf6 48.h5 f4 49.Be8 Kg5 50.b3 f3 51.c4 bxc4 52.bxc4 e3 53.Bg6 Bc8 54.Bd3 
Kxh5 55.c5 Kh4 56.c6 Kg3 57.c7 Bh3+ 58.Ke1 f2+ 59.Kd1 Kg2 60.Bxa6 f1=Q+ 
0-1

[Event "VI Festival A"]
[Site "Montecatini Terme ITA"]
[Date "1997.08.??"]
[Round "?"]
[White "Belotti, Bruno"]
[Black "Lalic, Bogdan"]
[Result "1-0"]
[WhiteElo "2410"]
[BlackElo "2600"]
[PlyCount "83"]
[EventDate "1997.08.01"]

1.e4 c5 2.Nf3 d6 3.d4 cxd4 4.Nxd4 Nf6 5.Nc3 a6 6.a4 Nc6 7.Be2 g6 8.Be3 Bg7
9.O-O O-O 10.Kh1 d5 11.Nxc6 bxc6 12.e5 Nd7 13.f4 e6 14.a5 c5 15.Na4 Qc7 
16.Qd2 Rb8 17.Nxc5 Rxb2 18.Rfc1 Rb8 19.Nxd7 Bxd7 20.Bxa6 f6 21.c4 fxe5 22.
cxd5 Qd8 23.Bc4 Bb5 24.Bb6 Qd7 25.Bxb5 Qxb5 26.dxe6 exf4 27.Rab1 Qf5 28.e7
Rfe8 29.Qa2+ Qf7 30.Qxf7+ Kxf7 31.Bd8 Ra8 32.Rc4 g5 33.h4 h6 34.Rb7 Bf6 
35.Re4 Kg6 36.Kh2 Kf5 37.Rc4 Kg4 38.Rc6 Bxe7 39.Bxe7 Rxa5 40.Rxh6 Ra2 41.
Rb5 Rg8 42.Bxg5 1-0

[Event "VI Festival A"]
[Site "Montecatini Terme ITA"]
[Date "1997.08.??"]
[Round "?"]
[White "Bojkovic, Natasa"]
[Black "Manca, Federico"]
[Result "1-0"]
[WhiteElo "2415"]
[BlackElo "2355"]
[PlyCount "95"]
[EventDate "1997.08.01"]

1.e4 d6 2.d4 Nf6 3.Nc3 g6 4.h3 Bg7 5.Be3 O-O 6.Nf3 Nc6 7.Be2 e5 8.dxe5 
Nxe5 9.Nxe5 dxe5 10.Qxd8 Rxd8 11.Bc4 c6 12.a4 Bf8 13.Ke2 Bb4 14.f3 Re8 15.
a5 Be6 16.Bxe6 Rxe6 17.Na4 Nh5 18.Rhd1 f5 19.c3 Be7 20.Nc5 Bxc5 21.Bxc5 
fxe4 22.fxe4 Rf6 23.Rd7 Nf4+ 24.Kd2 Rf7 25.Rxf7 Kxf7 26.Kc2 a6 27.Rd1 Ke8 
28.g3 Nh5 29.Rf1 Rd8 30.Rf8+ Kd7 31.Rf7+ Ke6 32.Re7+ Kf6 33.Rxb7 Ra8 34.g4
Ng3 35.Kd3 Rd8+ 36.Ke3 Rd1 37.Be7+ Ke6 38.Bh4 Nf1+ 39.Ke2 Rb1 40.b4 Nh2 
41.Re7+ Kd6 42.Rxh7 Rb2+ 43.Kd3 Nf3 44.Ke3 Nd2 45.Bd8 Nb1 46.Bb6 g5 47.
Bc7+ Ke6 48.Rh6+ 1-0

[Event "VI Festival A"]
[Site "Montecatini Terme ITA"]
[Date "1997.08.??"]
[Round "?"]
[White "Ciolac, Gheorghe"]
[Black "Contin, Daniel"]
[Result "0-1"]
[WhiteElo "2385"]
[BlackElo "2325"]
[PlyCount "106"]
[EventDate "1997.08.01"]

1.e4 e6 2.Nc3 d5 3.d4 Bb4 4.exd5 exd5 5.Bd3 Nc6 6.a3 Be7 7.Nf3 Bg4 8.h3 
Bh5 9.g4 Bg6 10.Ne5 Nf6 11.Be3 Nxe5 12.dxe5 Ne4 13.Bxe4 dxe4 14.Qxd8+ Rxd8
15.h4 h5 16.g5 a6 17.Rd1 Rxd1+ 18.Nxd1 Kd7 19.Bd4 Ke6 20.Ne3 c5 21.Bc3 b5 
22.Ke2 Rd8 23.b3 Rd7 24.Ra1 Bd8 25.b4 Bb6 26.a4 cxb4 27.Bxb4 Kxe5 28.axb5 
axb5 29.Bc3+ Kf4 30.Bxg7 Bxe3 31.fxe3+ Kg3 32.Ra5 Bf5 33.Bd4 Bg4+ 34.Ke1 
Kxh4 35.Kf2 Rd5 36.Kg2 Rf5 37.Ra1 Bh3+ 38.Kg1 Rxg5+ 39.Kh1 Rf5 40.c3 Kg3 
41.Rg1+ Kf2 42.Kh2 Bf1 43.Rg3 Rf3 44.Rxf3+ Kxf3 45.Kg1 Bc4 46.Kh2 Be6 47.
Bc5 h4 48.Bd4 h3 49.Bc5 Bg4 50.Kg1 f5 51.Bd4 f4 52.exf4 e3 53.Bf6 Kg3 0-1

[Event "VI Festival A"]
[Site "Montecatini Terme ITA"]
[Date "1997.08.??"]
[Round "?"]
[White "Lalic, Bogdan"]
[Black "Marchand, Francois"]
[Result "1-0"]
[WhiteElo "2600"]
[BlackElo "2310"]
[PlyCount "45"]
[EventDate "1997.08.01"]

1.d4 e6 2.Nf3 Nf6 3.g3 b6 4.Bg2 Bb7 5.c4 Be7 6.O-O O-O 7.d5 exd5 8.Nh4 c6 
9.cxd5 Nxd5 10.Nf5 Nc7 11.e4 d5 12.Re1 Ne6 13.exd5 cxd5 14.Nc3 Bb4 15.Qg4 
Bxc3 16.bxc3 Qc7 17.Ba3 Rd8 18.Be7 g6 19.Bxd8 Qxd8 20.Nh6+ Kg7 21.Nxf7 Qf6
22.Rxe6 Qxf7 23.Qd4+ 1-0

[Event "VI Festival A"]
[Site "Montecatini Terme ITA"]
[Date "1997.08.??"]
[Round "?"]
[White "Lanzani, Mario"]
[Black "Braun, Christian"]
[Result "1-0"]
[WhiteElo "2360"]
[BlackElo "2180"]
[PlyCount "81"]
[EventDate "1997.08.01"]

1.e4 c5 2.Nf3 e6 3.d4 cxd4 4.Nxd4 Nf6 5.Nc3 d6 6.Be2 a6 7.O-O Be7 8.f4 Qc7
9.Kh1 O-O 10.Be3 Nc6 11.Qe1 Nxd4 12.Bxd4 b5 13.e5 Ne8 14.Bd3 Bb7 15.Qg3 g6
16.Ne4 Bxe4 17.Bxe4 d5 18.Bd3 Ng7 19.Qh3 f5 20.exf6 Bxf6 21.Qe3 Bxd4 22.
Qxd4 Nf5 23.Qf2 Qd6 24.Rad1 Rf6 25.g3 Qc6 26.Kg1 Raf8 27.Rfe1 a5 28.Qa7 a4
29.Re5 R6f7 30.Qf2 Ng7 31.a3 Rb8 32.c3 Rf6 33.Qd4 Rbf8 34.Rde1 Nf5 35.Qa7 
Ng7 36.Qe3 Re8 37.g4 Ref8 38.Rf1 R8f7 39.g5 Rf5 40.Bxf5 gxf5 41.Qd4 1-0

[Event "VI Festival A"]
[Site "Montecatini Terme ITA"]
[Date "1997.08.??"]
[Round "?"]
[White "Sax, Gyula"]
[Black "Bojkovic, Natasa"]
[Result "1-0"]
[WhiteElo "2570"]
[BlackElo "2415"]
[PlyCount "77"]
[EventDate "1997.08.01"]

1.e4 c5 2.Nf3 Nc6 3.d4 cxd4 4.Nxd4 g6 5.Nc3 Bg7 6.Be3 Nf6 7.Bc4 O-O 8.Bb3 
d6 9.f3 Na5 10.Qd2 Nxb3 11.axb3 d5 12.e5 Ne8 13.f4 f6 14.Nf3 Bg4 15.Qxd5+ 
Qxd5 16.Nxd5 Bxf3 17.gxf3 fxe5 18.f5 gxf5 19.Nxe7+ Kh8 20.Rxa7 Rxa7 21.
Bxa7 Nc7 22.Bb6 Ne6 23.Nd5 Ra8 24.Ke2 Ra2 25.Rb1 Ra6 26.Be3 Rd6 27.c4 Ra6 
28.Kd3 f4 29.Bf2 Ng5 30.Ke2 Rh6 31.h4 Ne6 32.Ra1 Bf8 33.Ra8 Rg6 34.Rb8 Rg2
35.Kf1 Rg7 36.Re8 Rg6 37.h5 Rh6 38.Ne7 Rxh5 39.Nc8 1-0

[Event "VI Festival A"]
[Site "Montecatini Terme ITA"]
[Date "1997.08.??"]
[Round "?"]
[White "Solozhenkin, Evgeniy"]
[Black "Ulibin, Mikhail"]
[Result "1-0"]
[WhiteElo "2485"]
[BlackElo "2535"]
[PlyCount "103"]
[EventDate "1997.08.01"]

1.e4 e6 2.d4 d5 3.Nc3 Nf6 4.Bg5 Be7 5.e5 Nfd7 6.Bxe7 Qxe7 7.f4 O-O 8.Qd2 
c5 9.Nf3 Nc6 10.dxc5 Qxc5 11.O-O-O Nb6 12.h4 Bd7 13.h5 a5 14.h6 g6 15.Nh2 
f6 16.exf6 d4 17.Qf2 e5 18.Nf3 Bg4 19.fxe5 Bxf3 20.gxf3 Qxe5 21.Ne4 Kh8 
22.Qh2 Qxh2 23.Rxh2 Rad8 24.Bb5 Na7 25.a4 Nxb5 26.axb5 Nc4 27.b3 Ne3 28.
Rd3 Nf5 29.Kb2 Rd5 30.c4 Re5 31.b6 Kg8 32.Ka3 Re6 33.c5 Rc6 34.Ka4 Ra8 35.
Kb5 Kf7 36.Ra2 Ke6 37.Kc4 Ra6 38.Kb5 Ra8 39.Rxa5 Rxa5+ 40.Kxa5 Rc8 41.Kb5 
Kd5 42.b4 Ra8 43.f7 Ke6 44.Ng5+ Ke7 45.Nxh7 Kxf7 46.Ng5+ Kf6 47.Ne4+ Ke5 
48.Nd6 Nxd6+ 49.cxd6 Kxd6 50.Rxd4+ Ke6 51.Re4+ Kf6 52.Rc4 1-0

[Event "VI Festival A"]
[Site "Montecatini Terme ITA"]
[Date "1997.08.01"]
[Round "1"]
[White "Borgo, Giulio"]
[Black "Pegoraro, Nicola"]
[Result "1-0"]
[WhiteElo "2370"]
[BlackElo "2115"]
[PlyCount "45"]
[EventDate "1997.08.01"]

1.e4 c5 2.Nf3 d6 3.d4 cxd4 4.Nxd4 Nf6 5.f3 g6 6.c4 Bg7 7.Be3 O-O 8.Nc3 Bd7
9.Be2 Nc6 10.O-O a6 11.Qd2 Rb8 12.Rfd1 Nxd4 13.Bxd4 b5 14.e5 Ne8 15.exd6 
Bxd4+ 16.Qxd4 exd6 17.c5 Qc7 18.Nd5 Qd8 19.cxd6 f6 20.Nc7 Rf7 21.Rac1 Bc8 
22.Qa7 Bf5 23.Qxa6 1-0

[Event "VI Festival A"]
[Site "Montecatini Terme ITA"]
[Date "1997.08.01"]
[Round "1"]
[White "Lalic, Bogdan"]
[Black "Gagliardi, Pietro"]
[Result "1-0"]
[WhiteElo "2600"]
[BlackElo "2185"]
[PlyCount "47"]
[EventDate "1997.08.01"]

1.c4 Nf6 2.Nc3 c5 3.Nf3 Nc6 4.d4 cxd4 5.Nxd4 d6 6.e4 Bd7 7.Nc2 g6 8.Be2 
Bg7 9.O-O O-O 10.Rb1 Rc8 11.b3 a6 12.Bb2 Ne5 13.Kh1 g5 14.Nd4 h6 15.a4 Nc6
16.Nf5 Bxf5 17.exf5 Qd7 18.f4 Qxf5 19.Nd5 Nxd5 20.cxd5 Bxb2 21.Bg4 Qf6 22.
Bxc8 Rxc8 23.dxc6 Rxc6 24.fxg5 1-0

[Event "VI Festival A"]
[Site "Montecatini Terme ITA"]
[Date "1997.08.02"]
[Round "2"]
[White "Abramovic, Bosko"]
[Black "Scavo, Fernando"]
[Result "1/2-1/2"]
[WhiteElo "2500"]
[BlackElo "2185"]
[PlyCount "134"]
[EventDate "1997.08.01"]

1.d4 Nf6 2.Nf3 b6 3.c4 e6 4.g3 Bb4+ 5.Bd2 Be7 6.Nc3 Bb7 7.Bg2 c6 8.e4 d5 
9.exd5 cxd5 10.Ne5 O-O 11.O-O Nc6 12.Bg5 Rc8 13.Qa4 Na5 14.cxd5 Nxd5 15.
Bxd5 Bxd5 16.Bxe7 Qxe7 17.Nxd5 exd5 18.Rfe1 Rfe8 19.Nd3 Qd8 20.Rxe8+ Qxe8 
21.Qxe8+ Rxe8 22.Rc1 Nc4 23.b3 Nd6 24.Nf4 Nb5 25.Nxd5 f6 26.Ne3 Nxd4 27.
Rc7 Nb5 28.Rb7 Kf8 29.a4 Nd4 30.Rxa7 Nxb3 31.Nd5 Re6 32.Rb7 Nc5 33.Rb8+ 
Kf7 34.Nxb6 Re1+ 35.Kg2 Ra1 36.Rc8 Ne6 37.Ra8 Nc5 38.Ra7+ Kg6 39.Rc7 Ne6 
40.Rc4 Ra2 41.h4 Ra3 42.Nd5 Kf5 43.Nc3 h5 44.Nd5 g5 45.Ne3+ Ke5 46.Rb4 Ra2
47.Rb5+ Kd6 48.a5 gxh4 49.gxh4 Ra4 50.Rb6+ Ke5 51.Kg3 Nd4 52.a6 Nf5+ 53.
Nxf5 Kxf5 54.f3 Ra3 55.Kf2 Ke5 56.Ke2 Kf5 57.Kd2 Kg6 58.Kc2 Kf7 59.Kb2 Ra5
60.Kb3 Kg6 61.Kb4 Ra1 62.Kb5 Kf5 63.Kc6 Kf4 64.Kb7 f5 65.Rb5 Kxf3 66.Rxf5+
Kg4 67.Rf6 Kxh4 1/2-1/2

[Event "VI Festival A"]
[Site "Montecatini Terme ITA"]
[Date "1997.08.02"]
[Round "2"]
[White "Aldrovandi, Costantino"]
[Black "Bellini, Fabio"]
[Result "0-1"]
[WhiteElo "2250"]
[BlackElo "2415"]
[PlyCount "68"]
[EventDate "1997.08.01"]

1.e4 c5 2.c3 e6 3.d4 d5 4.exd5 exd5 5.Nf3 Nc6 6.Be2 Bd6 7.O-O Nge7 8.dxc5 
Bxc5 9.Nbd2 O-O 10.Nb3 Bb6 11.Nbd4 Bg4 12.Be3 Re8 13.Re1 Rc8 14.Rc1 Ng6 
15.h3 Bxf3 16.Bxf3 Nce5 17.Be2 Nc4 18.Bxc4 dxc4 19.Nf5 Qf6 20.Qf3 Ne5 21.
Qf4 Nd3 22.Qg4 Nxc1 23.Rxc1 Bxe3 24.Nxe3 b5 25.Nf5 g6 26.Nd4 a6 27.a3 Rc7 
28.Qg3 Rce7 29.Kh2 Re1 30.Rc2 h5 31.Rd2 h4 32.Qg4 R8e4 33.Qc8+ Kg7 34.Qc7 
Re5 0-1

[Event "VI Festival A"]
[Site "Montecatini Terme ITA"]
[Date "1997.08.02"]
[Round "2"]
[White "Baccaro, Franco"]
[Black "Godena, Michele"]
[Result "0-1"]
[WhiteElo "2200"]
[BlackElo "2515"]
[PlyCount "32"]
[EventDate "1997.08.01"]

1.d4 Nf6 2.Nf3 b6 3.e3 Bb7 4.Bd3 g6 5.Nbd2 c5 6.c3 Bg7 7.O-O O-O 8.b4 d6 
9.bxc5 dxc5 10.Ne5 Nd5 11.Qc2 cxd4 12.exd4 Nd7 13.Ndf3 Rc8 14.Bd2 Nxe5 15.
Nxe5 Bxe5 16.dxe5 Nb4 0-1

[Event "VI Festival A"]
[Site "Montecatini Terme ITA"]
[Date "1997.08.02"]
[Round "2"]
[White "Contin, Daniel"]
[Black "Gleizerov, Evgeny"]
[Result "0-1"]
[WhiteElo "2325"]
[BlackElo "2560"]
[PlyCount "68"]
[EventDate "1997.08.01"]

1.c4 e5 2.Nc3 Nc6 3.g3 g6 4.Bg2 Bg7 5.e3 Nf6 6.Nge2 O-O 7.O-O Re8 8.d3 d6 
9.Rb1 Be6 10.Nd5 Qd7 11.e4 h5 12.f4 Bg4 13.h3 Bxh3 14.fxe5 Nxd5 15.e6 fxe6
16.Bxh3 Nf6 17.d4 Ng4 18.Bxg4 hxg4 19.Be3 Rf8 20.Nf4 g5 21.Nh5 Rxf1+ 22.
Qxf1 Rf8 23.Qe2 Rf3 24.Nxg7 Qxg7 25.e5 Rxg3+ 26.Kh2 Rh3+ 27.Kg2 Qh7 28.
Qxg4 Rxe3 29.Qxe6+ Qf7 30.Qc8+ Qf8 31.Qe6+ Kg7 32.Rf1 Rg3+ 33.Kxg3 Qxf1 
34.Qd7+ Qf7 0-1

[Event "VI Festival A"]
[Site "Montecatini Terme ITA"]
[Date "1997.08.02"]
[Round "2"]
[White "Everet, Alexandro"]
[Black "Drasko, Milan"]
[Result "0-1"]
[WhiteElo "2225"]
[BlackElo "2520"]
[PlyCount "112"]
[EventDate "1997.08.01"]

1.d4 Nf6 2.c4 e6 3.a3 d5 4.e3 dxc4 5.Bxc4 c5 6.Ne2 a6 7.Nbc3 b5 8.Bb3 Bb7 
9.O-O Qc7 10.dxc5 Nbd7 11.f3 Nxc5 12.Bc2 Rd8 13.Qe1 Bd6 14.h3 O-O 15.e4 
Bh2+ 16.Kh1 Be5 17.Be3 Nd3 18.Bxd3 Rxd3 19.Qf2 Rc8 20.Rad1 Rxd1 21.Rxd1 
Qe7 22.Bd4 Bb8 23.Qe3 Qc7 24.f4 Nd7 25.Qg3 e5 26.fxe5 Nxe5 27.Be3 Ng6 28.
Qxc7 Bxc7 29.Kg1 f6 30.Nd5 Be5 31.Rd2 Kf7 32.Kf2 Re8 33.Bc5 Bb8 34.Nec3 
Ne5 35.Ne3 Bc6 36.Ke2 Nd7 37.Bb4 Bf4 38.Kf3 g5 39.Bd6 Bxe3 40.Kxe3 f5 41.
Kd4 Bxe4 42.g4 Nf6 43.h4 Rd8 44.Kc5 Nd7+ 45.Kb4 Ne5 46.gxf5 Bxf5 47.Ne2 
Nd3+ 48.Kc3 Rxd6 49.Ng3 Kg6 50.hxg5 Kxg5 51.Rh2 Bg6 52.Nf1 Rc6+ 53.Kd4 
Rc4+ 54.Ke3 Ne5 55.Rd2 Re4+ 56.Kf2 Rf4+ 0-1

[Event "VI Festival A"]
[Site "Montecatini Terme ITA"]
[Date "1997.08.02"]
[Round "2"]
[White "Gaido, Paolo"]
[Black "Nurkic, Sahbaz"]
[Result "1/2-1/2"]
[WhiteElo "2190"]
[BlackElo "2430"]
[PlyCount "109"]
[EventDate "1997.08.01"]

1.Nf3 g6 2.d4 Bg7 3.c4 Nf6 4.Nc3 O-O 5.g3 d6 6.Bg2 Nc6 7.O-O e5 8.dxe5 
dxe5 9.Qxd8 Rxd8 10.Bg5 Be6 11.b3 h6 12.Bxf6 Bxf6 13.Rad1 Bg7 14.Nb5 Rdc8 
15.Nd2 Bf8 16.h3 Kg7 17.Kh2 Nd8 18.Nb1 a6 19.N5c3 Rab8 20.Bd5 c6 21.Bxe6 
Nxe6 22.e3 b5 23.cxb5 axb5 24.Kg2 Ra8 25.Rd2 Ra6 26.Rc1 Rca8 27.Rcc2 Bb4 
28.Re2 Nc5 29.a3 Bxa3 30.Nxa3 Rxa3 31.Nxb5 cxb5 32.Rxc5 Rxb3 33.Rxe5 Ra7 
34.Rd2 Rc7 35.Red5 Kf6 36.Rd6+ Ke7 37.Rb6 Rd7 38.Rc2 Rd6 39.Rc7+ Ke6 40.
Rxd6+ Kxd6 41.Rxf7 b4 42.Kf3 Kc5 43.Ke2 Ra3 44.Rc7+ Kb5 45.e4 Ra2+ 46.Ke3 
b3 47.e5 b2 48.Rb7+ Kc4 49.Ke4 Kc3 50.Rc7+ Kd2 51.Rb7 Ra4+ 52.Kd5 Kc3 53.
e6 Ra5+ 54.Kd6 Ra6+ 55.Ke5 1/2-1/2

[Event "VI Festival A"]
[Site "Montecatini Terme ITA"]
[Date "1997.08.02"]
[Round "2"]
[White "Menoni, Vincenzo"]
[Black "Greenfeld, Alon"]
[Result "0-1"]
[WhiteElo "2270"]
[BlackElo "2540"]
[PlyCount "74"]
[EventDate "1997.08.01"]

1.e4 c5 2.Nf3 Nc6 3.d4 cxd4 4.Nxd4 Nf6 5.Nc3 d6 6.Bc4 e6 7.Be3 Be7 8.Qe2 
Bd7 9.O-O-O Rc8 10.Bb3 Na5 11.f3 Nxb3+ 12.axb3 O-O 13.g4 Qa5 14.Kb1 Ne8 
15.Qd2 Kh8 16.h4 Nc7 17.Na2 Qxd2 18.Rxd2 d5 19.Ne2 Bc6 20.Nd4 Be8 21.Bf4 
dxe4 22.fxe4 Na6 23.h5 Nc5 24.Re1 h6 25.b4 Nd7 26.Nf3 Nf6 27.Ne5 Bc6 28.
Rde2 Kg8 29.c3 Rfd8 30.Nc1 Bb5 31.Rg2 Nh7 32.Be3 Bd6 33.Nf3 Bc6 34.Bxa7 
Nf6 35.Rge2 Bg3 36.e5 Bxf3 37.Re3 Nd5 0-1

[Event "VI Festival A"]
[Site "Montecatini Terme ITA"]
[Date "1997.08.02"]
[Round "2"]
[White "Zucconi, Leandro"]
[Black "Farago, Ivan"]
[Result "0-1"]
[WhiteElo "2140"]
[BlackElo "2445"]
[PlyCount "68"]
[EventDate "1997.08.01"]

1.e4 c5 2.c3 b6 3.d4 Bb7 4.Bd3 Nf6 5.Nd2 e6 6.Ngf3 Be7 7.O-O O-O 8.Re1 
cxd4 9.cxd4 a6 10.Qe2 Nc6 11.a3 b5 12.Nb3 d6 13.Bg5 h6 14.Bd2 Nd7 15.Rec1 
Re8 16.Bb1 Bf8 17.Qd3 g6 18.h4 Nf6 19.d5 exd5 20.exd5 Ne5 21.Nxe5 dxe5 22.
d6 Re6 23.Nc5 Rxd6 24.Nxb7 Rxd3 25.Nxd8 Rxd2 26.Nc6 Rxb2 27.Nxe5 Bxa3 28.
Rc6 Nh5 29.Nd3 Rd2 30.g4 Ng7 31.Nf4 Bb4 32.Be4 Re8 33.f3 Bd6 34.Nd5 Rxd5 
0-1

[Event "VI Festival A"]
[Site "Montecatini Terme ITA"]
[Date "1997.08.03"]
[Round "3"]
[White "Bellia, Fabrizio"]
[Black "Horvath, Jozsef"]
[Result "1/2-1/2"]
[WhiteElo "2340"]
[BlackElo "2525"]
[PlyCount "117"]
[EventDate "1997.08.01"]

1.e4 c5 2.Nf3 Nc6 3.d4 cxd4 4.Nxd4 Qc7 5.Nc3 e6 6.Be2 a6 7.O-O Nf6 8.Kh1 
Be7 9.f4 d6 10.Be3 O-O 11.Qe1 Nxd4 12.Bxd4 b5 13.e5 dxe5 14.fxe5 Nd7 15.
Bf3 Bb7 16.Ne4 Rac8 17.Qg3 Bxe4 18.Bxe4 Bc5 19.c3 f5 20.Bf3 Bxd4 21.cxd4 
Nb6 22.Rad1 Qd7 23.Qf4 Rc2 24.Rd2 Rfc8 25.Rfd1 Nd5 26.Bxd5 Qxd5 27.b3 Qe4 
28.Qxe4 fxe4 29.Kg1 e3 30.Rxc2 Rxc2 31.Re1 Rxa2 32.Rxe3 Rd2 33.Rc3 Rxd4 
34.Rc6 Kf7 35.Rxa6 Rd5 36.Ra7+ Kg6 37.Rb7 Rxe5 38.Kf2 h5 39.b4 h4 40.Kf3 
Kf6 41.g3 h3 42.g4 Rd5 43.Ke3 e5 44.g5+ Kg6 45.Kf3 Rd2 46.Rxb5 Kf5 47.Rb7 
g6 48.Kg3 Rd3+ 49.Kh4 e4 50.Rf7+ Ke5 51.Kg4 Kd4 52.Rf6 e3 53.Kf3 Rd2 54.
Rd6+ Kc3 55.Rxg6 Rxh2 56.Kxe3 Kxb4 57.Kf3 Rg2 58.Rh6 Rxg5 59.Rxh3 1/2-1/2

[Event "VI Festival A"]
[Site "Montecatini Terme ITA"]
[Date "1997.08.03"]
[Round "3"]
[White "Borgo, Giulio"]
[Black "Aldrovandi, Antonio"]
[Result "1/2-1/2"]
[WhiteElo "2370"]
[BlackElo "2220"]
[PlyCount "100"]
[EventDate "1997.08.01"]

1.e4 c5 2.Nf3 e6 3.c4 Nc6 4.Nc3 d6 5.d4 cxd4 6.Nxd4 Nf6 7.Be3 Be7 8.Be2 
O-O 9.O-O Qc7 10.Rc1 Nxd4 11.Qxd4 a6 12.Rfd1 Bd7 13.Qd3 Rac8 14.Bf4 e5 15.
Bg5 Be6 16.Bxf6 Bxf6 17.Qxd6 Qa5 18.Nd5 Bxd5 19.exd5 Rfd8 20.Qa3 Qxa3 21.
bxa3 Be7 22.Rb1 Rc7 23.a4 a5 24.Rb5 Bb4 25.Rb1 g6 26.a3 Bxa3 27.Rxb7 Rxb7 
28.Rxb7 Bb4 29.g4 e4 30.Kf1 Rd6 31.Re7 f5 32.gxf5 gxf5 33.Rc7 f4 34.Bg4 
Rg6 35.f3 e3 36.h4 h5 37.Bxh5 Rh6 38.Bg4 Rxh4 39.Rc8+ Kg7 40.Rc7+ Kf6 41.
Rc6+ Ke7 42.Re6+ Kd8 43.Kg2 Rh8 44.c5 Bxc5 45.d6 Re8 46.Rxe8+ Kxe8 47.d7+ 
Kd8 48.Kf1 Bb4 49.Ke2 Ke7 50.Bf5 Kd8 1/2-1/2

[Event "VI Festival A"]
[Site "Montecatini Terme ITA"]
[Date "1997.08.03"]
[Round "3"]
[White "Drasko, Milan"]
[Black "Marchand, Francois"]
[Result "1-0"]
[WhiteElo "2520"]
[BlackElo "2310"]
[PlyCount "105"]
[EventDate "1997.08.01"]

1.d4 Nf6 2.c4 e5 3.dxe5 Ng4 4.e3 Nxe5 5.Nh3 Ng6 6.g3 Bb4+ 7.Bd2 Nc6 8.Bg2 
O-O 9.Bxb4 Nxb4 10.Nc3 d6 11.O-O Be6 12.b3 Qc8 13.Ng5 Bg4 14.f3 h6 15.Nge4
Bh3 16.Qd2 Bxg2 17.Kxg2 Re8 18.Rad1 Nc6 19.Nf2 Nce7 20.e4 f5 21.Rfe1 fxe4 
22.Rxe4 Nc6 23.Qd5+ Kh8 24.Rde1 Rxe4 25.Qxe4 Nge5 26.Nd5 Qd7 27.f4 Nf7 28.
Qg6 Rf8 29.Ng4 Nfd8 30.b4 Qf7 31.Qxf7 Nxf7 32.b5 Na5 33.Re7 c6 34.bxc6 
bxc6 35.Nde3 c5 36.Rxa7 Nc6 37.Rd7 Kg8 38.Nf5 Ra8 39.Nxd6 Rxa2+ 40.Kh3 
Nxd6 41.Rxd6 Na5 42.Ne5 Rc2 43.Rd8+ Kh7 44.f5 h5 45.Nf7 g5 46.Nxg5+ Kg7 
47.Ne4 Nxc4 48.f6+ Kg6 49.Rg8+ Kf7 50.Rg7+ Kf8 51.Ng5 Rf2 52.Ne6+ Ke8 53.
Re7# 1-0

[Event "VI Festival A"]
[Site "Montecatini Terme ITA"]
[Date "1997.08.03"]
[Round "3"]
[White "Godena, Michele"]
[Black "Malakhov, Vladimir"]
[Result "1-0"]
[WhiteElo "2515"]
[BlackElo "2540"]
[PlyCount "79"]
[EventDate "1997.08.01"]

1.e4 c6 2.d4 d5 3.Nc3 dxe4 4.Nxe4 Nd7 5.Bc4 Ngf6 6.Ng5 e6 7.Qe2 Nb6 8.Bd3 
h6 9.N5f3 c5 10.dxc5 Bxc5 11.Ne5 Nbd7 12.Ngf3 Qc7 13.O-O O-O 14.Re1 Bd6 
15.Bf4 Nc5 16.Rad1 b6 17.c3 Bb7 18.Bc2 Rfd8 19.Rd4 a5 20.b4 Ba6 21.Qe3 Nb7
22.Bxh6 Bxe5 23.Rxd8+ Rxd8 24.Nxe5 Nd5 25.Qg3 f6 26.Qg6 fxe5 27.Qh7+ Kf8 
28.Qh8+ Ke7 29.Qxg7+ Kd6 30.Qxe5+ Kc6 31.Qd4 Kd7 32.Bg5 Rg8 33.Bf5 Kc6 34.
Rxe6+ Nd6 35.b5+ Bxb5 36.c4 Kb7 37.Qxd5+ Bc6 38.Qxd6 Qxd6 39.Rxd6 Rxg5 40.
g4 1-0

[Event "VI Festival A"]
[Site "Montecatini Terme ITA"]
[Date "1997.08.03"]
[Round "3"]
[White "Gorelli Fagiolini, Marco"]
[Black "Sax, Gyula"]
[Result "0-1"]
[WhiteElo "2190"]
[BlackElo "2570"]
[PlyCount "42"]
[EventDate "1997.08.01"]

1.d4 Nf6 2.c4 c5 3.d5 e6 4.Nc3 exd5 5.cxd5 Bd6 6.Nf3 O-O 7.g3 a6 8.Bg2 b5 
9.O-O Re8 10.Nh4 Bb7 11.Re1 Be5 12.f4 Bxc3 13.bxc3 Ne4 14.Qd3 c4 15.Qd4 
Qf6 16.Qxf6 Nxf6 17.Rd1 Rxe2 18.Bf3 Rc2 19.Be3 d6 20.g4 Rxc3 21.Bd4 Rxf3 
0-1

[Event "VI Festival A"]
[Site "Montecatini Terme ITA"]
[Date "1997.08.03"]
[Round "3"]
[White "Grinza, Andrea"]
[Black "Mariano, Elia"]
[Result "0-1"]
[WhiteElo "2275"]
[BlackElo "2145"]
[PlyCount "102"]
[EventDate "1997.08.01"]

1.d4 d5 2.c4 e6 3.Nc3 Be7 4.Nf3 Nf6 5.Bg5 Nbd7 6.e3 O-O 7.Rc1 c6 8.Bd3 
dxc4 9.Bxc4 Nd5 10.Bxe7 Qxe7 11.Ne4 e5 12.Bxd5 cxd5 13.Nc3 e4 14.Nxd5 Qd6 
15.Nc7 exf3 16.Nxa8 fxg2 17.Rg1 Qxh2 18.Kd2 Ne5 19.dxe5 Rd8+ 20.Ke2 Bg4+ 
21.f3 Rxd1 22.Rcxd1 h5 23.fxg4 h4 24.Nc7 h3 25.Nd5 Qg3 26.Nf4 Qxg4+ 27.Kd2
h2 28.Rxg2 Qxd1+ 29.Kxd1 h1=Q+ 30.Kc2 Qh7+ 31.Kd2 Qb1 32.Nd3 Qxa2 33.Rg4 
Kf8 34.Rb4 b6 35.Rd4 Ke7 36.Rg4 g6 37.Rd4 Ke6 38.Rd6+ Kf5 39.Rf6+ Kg5 40.
Rf4 Kh5 41.Ke2 Qb3 42.Kd2 g5 43.Rb4 Qa2 44.Rd4 g4 45.Rd8 Kh4 46.e4 Kg3 47.
Ke2 Qb3 48.Rc8 Kh2 49.Rc3 Qe6 50.Ke3 g3 51.Nf4 g2 0-1

[Event "VI Festival A"]
[Site "Montecatini Terme ITA"]
[Date "1997.08.03"]
[Round "3"]
[White "Lalic, Bogdan"]
[Black "Rotstein, Arkadij"]
[Result "1/2-1/2"]
[WhiteElo "2600"]
[BlackElo "2455"]
[PlyCount "32"]
[EventDate "1997.08.01"]

1.e4 c5 2.Nf3 d6 3.d4 cxd4 4.Nxd4 Nf6 5.Nc3 a6 6.Bc4 e6 7.Bb3 Nbd7 8.f4 
Nc5 9.O-O Be7 10.e5 dxe5 11.fxe5 Nxb3 12.axb3 Bc5 13.Be3 Nd5 14.Qf3 O-O 
15.Nxd5 Qxd5 16.Qxd5 exd5 1/2-1/2

[Event "VI Festival A"]
[Site "Montecatini Terme ITA"]
[Date "1997.08.03"]
[Round "3"]
[White "Ljubicic, Maja"]
[Black "Zucconi, Leandro"]
[Result "0-1"]
[WhiteElo "2020"]
[BlackElo "2140"]
[PlyCount "110"]
[EventDate "1997.08.01"]

1.d4 d5 2.Nf3 Nf6 3.Bg5 e6 4.e3 Be7 5.Bd3 Nbd7 6.Nbd2 O-O 7.c3 b6 8.O-O 
Bb7 9.Qb1 h6 10.Bxf6 Nxf6 11.Ne5 c5 12.f4 Qc7 13.g4 Bd6 14.Ndf3 Ne4 15.Qe1
f6 16.Ng6 Rfe8 17.Qh4 Bc6 18.g5 Qf7 19.Qh5 Kh7 20.Nfh4 Re7 21.Bxe4 dxe4 
22.Qg4 Rg8 23.Nxe7 Qxe7 24.g6+ Kh8 25.f5 e5 26.Rad1 exd4 27.cxd4 cxd4 28.
exd4 Bd5 29.Rfe1 Re8 30.b3 Bc7 31.Re3 Qd6 32.Qg3 Qc6 33.Qf2 Qd6 34.Nf3 Bc6
35.Rde1 Kg8 36.R1e2 Kf8 37.Qe1 Qf4 38.Nh4 Qg4+ 39.Rg2 Qf4 40.Rc3 Bd7 41.
Qg3 Bd6 42.Re3 Rc8 43.Rf2 Rc1+ 44.Kg2 Qxg3+ 45.hxg3 Rd1 46.Rfe2 Rxd4 47.
Kf1 Bc6 48.Rc2 Bc5 49.Ng2 Bb5+ 50.Ke1 Bd3 51.Rc3 Bb4 52.Kf2 Bxc3 53.Nf4 
Rd6 54.Ne6+ Rxe6 55.fxe6 Bd4 0-1